| 000 | 01040nam a2200289 i 4500 | ||
|---|---|---|---|
| 003 | DO-SdBNP | ||
| 005 | 20240711105543.0 | ||
| 007 | ta | ||
| 008 | 240711b2016 mx ||||| |||| 00| 0 spa d | ||
| 020 | _a9786071636492 | ||
| 040 |
_aDO-SdBNP _bspa _cBNPHU _erda |
||
| 082 | 4 | _222 | |
| 100 | 1 |
_aBoltanski, Luc, _eautor _986052 |
|
| 245 | 1 | 0 |
_aEnigmas y complots : _buna investigación sobre las investigaciones / _cLuc Boltanski ; traducción, Juan José Utrilla ; revisión, Andrea Arenas Marquet |
| 264 |
_aMéxico : _bFondo de Cultura Económica, _c2016. |
||
| 300 |
_a358 páginas ; _c23 cm. |
||
| 336 |
_2rdacontent _atexto _btxt |
||
| 337 |
_2rdamedia _asin mediación _bn |
||
| 338 |
_2rdacarrier _avolumen _bnc |
||
| 500 | _aIncluye referencias bibliográficas y notas al pie de las páginas | ||
| 500 | _aIncluye datos biográficos del autor en la solapa de la cubierta | ||
| 500 | _aIncluye índices | ||
| 504 | _aBibliografía : páginas 323-344 | ||
| 590 | _aInventariado, 2024/BT | ||
| 910 | _aBtavárez | ||
| 942 |
_2ddc _cLBS1 |
||
| 999 |
_c57259 _d57259 |
||